Strategic reading: guiding students to lifelong literacy, 6-12

Gardado en:
Detalles Bibliográficos
Main Authors: Wilhelm, Jeffrey D (Author), Baker, Tanya N (Author), Dube, Julie (Author)
Formato: Libro
Idioma:inglés
Publicado: Portsmouth Boynton-Cook 2001
Subjects:
Tags: Engadir etiqueta
Sen Etiquetas, Sexa o primeiro en etiquetar este rexistro!

MARC

LEADER 00000nam a2200000 a 4500
001 UCL5824
003 CL-VaPUC
008 040319e20010000uk |||||||||||||||||eng|d
020 |a 086709561X 
082 0 4 |a 428.4071  |b WIL  |2 21 
100 0 |a Wilhelm, Jeffrey D  |e author  |9 483511 
700 0 |a Baker, Tanya N  |e author  |9 483512 
700 0 |a Dube, Julie  |e author  |9 483513 
245 1 0 |a Strategic reading: guiding students to lifelong literacy, 6-12 
300 |a 254 p 
942 |c BK 
945 |d 20040319 00:00:00  |a cmena 
260 |a Portsmouth  |b Boynton-Cook  |c 2001 
650 0 |a Comprensión de lectura  |9 307588 
650 0 |a Educación lingüística  |9 306506 
583 |a last modification  |c 20130724 05:02:48  |k Rodrigo Vera 
999 |c 308209  |d 308207 
952 |0 0  |1 0  |4 0  |6 428_407100000000000_WIL_2001  |7 0  |8 A  |9 374540  |a FDOPOS  |b FDOPOS  |d 2019-11-21  |i 398852K  |o 428.4071 WIL 2001  |p 398852K  |r 2025-01-22  |w 2019-11-21  |y BK  |k MLA